[Event "2BLO 1819 SK Weilheim - SC NT Nürnberg"]
[Site "?"]
[Date "2019.02.23"]
[Round "7.3"]
[White "Yelisieiev, Yevhenii"]
[Black "Bayer, Bernhard"]
[Result "1-0"]
[WhiteElo "2389"]
[BlackElo "2410"]
[PlyCount "69"]
[EventDate "2019.??.??"]

1. d4 Nf6 2. Nf3 b6 3. g3 Bb7 4. Bg2 c5 5. O-O cxd4 6. b3 Qc7 7. Qxd4 Qxc2 8.
Na3 Qc5 9. Qf4 Nd5 10. Qd2 Na6 11. Bb2 e6 12. Rfc1 Qb4 13. Qd1 Nf6 14. Nc4 d5
15. Ba3 Qb5 16. Nd4 Qd7 17. Ne5 Qd8 18. b4 Bd6 19. Qa4+ Kf8 20. Nd3 g6 21. Nc6
Qe8 22. b5 Nc5 23. Qh4 Kg7 24. Bb2 Ncd7 25. Nde5 Nxe5 26. Nxe5 Qe7 27. Rc6 Bxe5
28. Bxe5 Bxc6 29. bxc6 h6 30. Rc1 g5 31. Qd4 h5 32. e4 Rh6 33. c7 Rc8 34. exd5
exd5 35. Rc6 1-0

[Event "2BLO 1819 SK Weilheim - SC NT Nürnberg"]
[Site "?"]
[Date "2019.02.23"]
[Round "7.4"]
[White "Guttenthaler, Franz"]
[Black "Mischustov, Michael"]
[Result "1/2-1/2"]
[WhiteElo "2324"]
[BlackElo "2333"]
[PlyCount "23"]
[EventDate "2019.??.??"]

1. Nf3 Nf6 2. c4 e6 3. g3 d5 4. Bg2 Be7 5. d4 O-O 6. Qc2 Nbd7 7. O-O c6 8. b3
a5 9. Nc3 b6 10. Rd1 Ba6 11. Nd2 Rc8 12. Bb2 {(=)} 1/2-1/2

[Event "2BLO 1819 SK Weilheim - SC NT Nürnberg"]
[Site "?"]
[Date "2019.02.23"]
[Round "7.5"]
[White "Kirchner, Thomas"]
[Black "Deglmann, Ludwig"]
[Result "1/2-1/2"]
[WhiteElo "2337"]
[BlackElo "2277"]
[PlyCount "27"]
[EventDate "2019.??.??"]

1. e4 e6 2. d4 d5 3. exd5 exd5 4. Nf3 Nc6 5. c3 Bd6 6. Bd3 Nge7 7. O-O Bg4 8.
h3 Bh5 9. Re1 Qd7 10. b4 Bg6 11. Ne5 Bxe5 12. dxe5 a6 13. Na3 Bxd3 14. Qxd3 {
(=)} 1/2-1/2

[Event "2BLO 1819 SK Weilheim - SC NT Nürnberg"]
[Site "?"]
[Date "2019.02.23"]
[Round "7.6"]
[White "de Francesco, Klaus"]
[Black "Walter, Florian"]
[Result "1/2-1/2"]
[WhiteElo "2259"]
[BlackElo "2221"]
[PlyCount "122"]
[EventDate "2019.??.??"]

1. d4 Nf6 2. c4 g6 3. Nc3 d5 4. cxd5 Nxd5 5. e4 Nxc3 6. bxc3 c5 7. Bb5+ Bd7 8.
Bxd7+ Qxd7 9. Nf3 Bg7 10. O-O O-O 11. Be3 cxd4 12. cxd4 Nc6 13. Qa4 Rfd8 14.
Rfd1 Qg4 15. d5 Rxd5 16. Rxd5 Bxa1 17. h3 Qc8 18. Qd1 Bf6 19. Bf4 e6 20. Rd7 e5
21. Bg5 Nd4 22. Rxd4 Bxg5 23. Rd7 Qc1 24. Qxc1 Bxc1 25. Nxe5 Re8 26. Nd3 Rxe4
27. Rxb7 a5 28. Rb5 Bd2 29. Kf1 Kg7 30. Rb2 Bc3 31. Rc2 Bf6 32. Nc5 Rd4 33. Ke2
a4 34. f3 Rb4 35. Nd3 Rb1 36. Rc1 Rb6 37. Rc4 a3 38. Kd2 Rb1 39. Rc1 Rb5 40.
Kc2 h5 41. Rb1 Ra5 42. g4 hxg4 43. hxg4 Ra8 44. Rb3 Rc8+ 45. Kd2 Be7 46. Rb7
Kf8 47. Ne5 Rd8+ 48. Kc2 Rd5 49. Nd3 Bd6 50. Kc3 Be7 51. Kc4 Rd8 52. Kc3 Bf6+
53. Kd2 Rc8 54. Ra7 Bg5+ 55. f4 Be7 56. Ne5 Rd8+ 57. Kc3 Rd1 58. Ra8+ Kg7 59.
Ra7 Kf8 60. Ra8+ Kg7 61. Ra7 Kf8 1/2-1/2

[Event "2BLO 1819 SK Weilheim - SC NT Nürnberg"]
[Site "?"]
[Date "2019.02.23"]
[Round "7.7"]
[White "Hoffmann, Sebastian"]
[Black "Wiesinger, Robert"]
[Result "1/2-1/2"]
[WhiteElo "2188"]
[BlackElo "2238"]
[PlyCount "41"]
[EventDate "2019.??.??"]

1. e4 e5 2. Nf3 Nc6 3. Nc3 Nf6 4. g3 d5 5. exd5 Nxd5 6. Bg2 Nxc3 7. bxc3 Bc5 8.
Rb1 e4 9. Nd4 Nxd4 10. cxd4 Qxd4 11. O-O O-O 12. d3 exd3 13. Be3 Qd6 14. Bf4
Qd8 15. Qh5 dxc2 16. Rb5 Bd6 17. Bg5 Qe8 18. Bf6 gxf6 19. Rg5+ Kh8 20. Qh6 fxg5
21. Qf6+ {(=)} 1/2-1/2

[Event "2BLO 1819 SK Weilheim - SC NT Nürnberg"]
[Site "?"]
[Date "2019.02.23"]
[Round "7.8"]
[White "Shahin, Walid"]
[Black "Heimrath, Reiner"]
[Result "0-1"]
[WhiteElo "2115"]
[BlackElo "2238"]
[PlyCount "118"]
[EventDate "2019.??.??"]

1. d4 Nf6 2. Bf4 d6 3. e3 Nbd7 4. Nf3 c5 5. c3 g6 6. h3 Bg7 7. Nbd2 O-O 8. Be2
b6 9. O-O Bb7 10. Bh2 a6 11. a4 Rb8 12. Qb3 Qc7 13. Rfe1 Qc6 14. e4 cxd4 15.
Nxd4 Qc5 16. Qc2 Rfc8 17. N4b3 Qc7 18. Bf1 b5 19. axb5 axb5 20. Na5 Ba8 21. Qb3
Qc5 22. Bf4 b4 23. c4 Qc7 24. Qc2 e5 25. Be3 d5 26. f3 d4 27. Bf2 Nc5 28. Nab3
Ne6 29. g3 Nd7 30. Ra2 Bb7 31. Rea1 Rf8 32. Ra7 Qb6 33. R7a5 Rfc8 34. Bd3 Bh6
35. Qd1 Qd8 36. Rb5 Bc6 37. Rxb8 Rxb8 38. Na5 Ba8 39. Ndb3 Bf8 40. Qd2 Qc7 41.
h4 Rc8 42. Bf1 Nb6 43. Rc1 Nd7 44. Bh3 Qd6 45. Kg2 Be7 46. c5 Ndxc5 47. Qxb4
Rb8 48. Qc4 Qb6 49. Bxe6 Nxe6 50. Qa4 Bf8 51. Qd7 Rd8 52. Qa4 Qa6 53. Qa1 Qb5
54. Nd2 Nc5 55. Nac4 Nd3 56. Rb1 Bb4 57. b3 Bc6 58. Qa4 Ra8 59. Qxb5 Bxb5 0-1

[Event "2BLO 1819 Erfurter SK - FC Bayern Münc"]
[Site "?"]
[Date "2019.02.24"]
[Round "8.2"]
[White "Votava, Jan"]
[Black "Dragnev, Valentin"]
[Result "1-0"]
[WhiteElo "2522"]
[BlackElo "2513"]
[PlyCount "66"]
[EventDate "2019.??.??"]

1. e4 e5 2. Nf3 Nc6 3. Bc4 Nf6 4. d3 Bc5 5. c3 d6 6. O-O a6 7. Bb3 Ba7 8. Nbd2
O-O 9. h3 Be6 10. Re1 h6 11. Nf1 Re8 12. Ng3 Bxb3 13. Qxb3 Qd7 14. Be3 Bxe3 15.
fxe3 a5 16. a4 d5 17. exd5 Qxd5 18. Qxd5 Nxd5 19. Kf2 g6 20. Rad1 Red8 21. d4
e4 22. Ne5 Nxe5 23. dxe5 Kg7 24. Rd4 c5 25. Rxe4 Nb6 26. Ke2 Rd5 27. c4 Rd7 28.
e6 fxe6 29. b3 Rf7 30. Kd1 e5 31. Rg4 Nd7 32. Nh5+ Kf8 33. Rxg6 Ke7 1-0

[Event "2BLO 1819 Erfurter SK - FC Bayern Münc"]
[Site "?"]
[Date "2019.02.24"]
[Round "8.3"]
[White "Studer, Noel"]
[Black "Enders, Peter"]
[Result "0-1"]
[WhiteElo "2494"]
[BlackElo "2438"]
[PlyCount "108"]
[EventDate "2019.??.??"]

1. c4 Nf6 2. Nc3 g6 3. d4 Bg7 4. e4 d6 5. Nf3 O-O 6. Be2 Nbd7 7. O-O e5 8. Qc2
c6 9. Rd1 Qe7 10. d5 cxd5 11. cxd5 Ne8 12. b3 f5 13. Ng5 Nc5 14. f3 Kh8 15. b4
Na6 16. Qb3 Nac7 17. exf5 gxf5 18. f4 Bf6 19. Nf3 Rg8 20. Bf1 e4 21. Nd4 Ng7
22. Be3 Bd7 23. Rac1 Rgc8 24. a4 Be8 25. Bc4 Bh5 26. Rd2 Bf7 27. Rdc2 h6 28. a5
Kh7 29. Na4 Qe8 30. b5 Qd7 31. Nc3 Nce8 32. Nde2 Qc7 33. Na4 Qxa5 34. b6 Rxc4
35. Rxc4 Bxd5 36. Qb4 axb6 37. Qxa5 bxa5 38. Rc8 Rxc8 39. Rxc8 Bc6 40. Nb6 Ne6
41. Ra8 d5 42. Rxa5 d4 43. Rxf5 dxe3 44. Nd5 Bg7 45. Rh5 Nd4 46. Kf1 Nf6 47.
Nxf6+ Bxf6 48. Nc3 b5 49. Nd5 Bxd5 50. Rxd5 b4 51. Rd7+ Kg6 52. Rb7 b3 53. Rb6
Kf5 54. g4+ Kxg4 0-1

[Event "2BLO 1819 Erfurter SK - FC Bayern Münc"]
[Site "?"]
[Date "2019.02.24"]
[Round "8.4"]
[White "Haba, Petr"]
[Black "Bischoff, Klaus"]
[Result "1/2-1/2"]
[WhiteElo "2446"]
[BlackElo "2510"]
[PlyCount "32"]
[EventDate "2019.??.??"]

1. e4 e6 2. d4 d5 3. exd5 exd5 4. Nf3 Bd6 5. Bd3 Ne7 6. c3 c5 7. dxc5 Bxc5 8.
O-O Nbc6 9. Nbd2 O-O 10. Nb3 Bd6 11. Be3 f6 12. Bc5 Bxc5 13. Nxc5 Qb6 14. b4 a5
15. a3 axb4 16. axb4 Rxa1 1/2-1/2

[Event "2BLO 1819 Erfurter SK - FC Bayern Münc"]
[Site "?"]
[Date "2019.02.24"]
[Round "8.5"]
[White "Johansson, Linus"]
[Black "Voekler, Bernd"]
[Result "1/2-1/2"]
[WhiteElo "2479"]
[BlackElo "2354"]
[PlyCount "181"]
[EventDate "2019.??.??"]

1. Nf3 c5 2. g3 Nc6 3. Bg2 g6 4. c4 Bg7 5. Nc3 d6 6. a3 a5 7. O-O e5 8. Ne1
Nge7 9. Nc2 O-O 10. Ne3 Be6 11. Ned5 Rb8 12. d3 h6 13. Rb1 Kh7 14. Bd2 f5 15.
b4 axb4 16. axb4 Bxd5 17. Nxd5 Nxd5 18. Bxd5 Ne7 19. Bg2 b6 20. Qa4 Qc7 21. Rb3
f4 22. bxc5 dxc5 23. g4 Qd6 24. Be4 Ng8 25. Qc6 Qxc6 26. Bxc6 Nf6 27. f3 Rfc8
28. Be4 Nxe4 29. fxe4 Bf6 30. Bc3 Re8 31. Rfb1 Re6 32. Kf2 g5 33. Rb5 Rc6 34.
Ra1 Rc7 35. Ra6 Rcb7 36. Rb3 Kg6 37. h3 Kf7 38. Rba3 Ke6 39. Ra8 Rxa8 40. Rxa8
Rd7 41. Rb8 Bd8 42. Kf3 Kf6 43. Kg2 Ke6 44. Kf2 Kf6 45. Rc8 Ke6 46. Ba1 Rd6 47.
Bc3 Rd7 48. Ke1 Rd6 49. Kd2 Rd7 50. Kc2 Rd6 51. Bb2 Rd7 52. Ra8 Kf6 53. Rb8 Ke6
54. Rc8 Rd6 55. Bc3 Rd7 56. Kd2 Rd6 57. Bb2 Rd7 58. Ke1 Rd6 59. Kf2 Rd7 60. Kf3
Rd6 61. Ra8 Rd7 62. Bc3 Kf6 63. Be1 Ke6 64. Kg2 Kf7 65. Bf2 Ke6 66. Ra6 Kf7 67.
Kf3 Rb7 68. Ra1 Rd7 69. Ra3 Ke6 70. Kg2 Kf7 71. h4 gxh4 72. Kh3 Kg6 73. Bxh4
Bxh4 74. Kxh4 Rf7 75. Ra8 f3 76. exf3 Rxf3 77. Rd8 Kf7 78. Rd6 Kg7 79. Rxb6
Rxd3 80. Rc6 Re3 81. Rxc5 Rxe4 82. Kh5 Re1 83. Rc7+ Kf6 84. Rc6+ Kg7 85. Rc7+
Kf6 86. Rc6+ Kg7 87. Kh4 Re3 88. c5 Rc3 89. Rc8 e4 90. c6 Kh7 91. Re8 1/2-1/2

[Event "2BLO 1819 Erfurter SK - FC Bayern Münc"]
[Site "?"]
[Date "2019.02.24"]
[Round "8.6"]
[White "Troyke, Christian"]
[Black "Zajogin, Alexander"]
[Result "1/2-1/2"]
[WhiteElo "2332"]
[BlackElo "2413"]
[PlyCount "39"]
[EventDate "2019.??.??"]

1. Nf3 d5 2. g3 g6 3. Bg2 Bg7 4. O-O e5 5. d3 Ne7 6. e4 d4 7. c3 Nbc6 8. cxd4
Nxd4 9. Nxd4 Qxd4 10. Nc3 c6 11. Be3 Qd6 12. Qc2 O-O 13. Rfd1 b6 14. a3 c5 15.
b4 cxb4 16. axb4 Bg4 17. f3 Bd7 18. b5 Rfc8 19. Qb2 Rc7 20. Bf1 1/2-1/2

[Event "2BLO 1819 Erfurter SK - FC Bayern Münc"]
[Site "?"]
[Date "2019.02.24"]
[Round "8.7"]
[White "Lindgren, Philip"]
[Black "Casper, Thomas"]
[Result "1-0"]
[WhiteElo "2379"]
[BlackElo "2357"]
[PlyCount "75"]
[EventDate "2019.??.??"]

1. d4 Nf6 2. c4 d6 3. Nf3 g6 4. Nc3 Bg7 5. Bg5 Nbd7 6. e3 O-O 7. Be2 b6 8. Qc2
Bb7 9. O-O e6 10. Nd2 e5 11. Bf3 Qb8 12. Rad1 Re8 13. b4 a5 14. b5 exd4 15.
exd4 Nf8 16. Bc6 Bxc6 17. bxc6 Ne6 18. Bxf6 Bxf6 19. Nf3 Qd8 20. g3 Bg7 21.
Rfe1 Qf6 22. Kg2 Ng5 23. Nxg5 Qxg5 24. Nb5 Re7 25. Re2 Rc8 26. h4 Qf6 27. Rde1
Rxe2 28. Qxe2 Bf8 29. Qe4 h5 30. Re3 d5 31. Qxd5 Rd8 32. Qe4 Bd6 33. Rf3 Qg7
34. Nxd6 Rxd6 35. d5 f5 36. Qe8+ Qf8 37. Re3 a4 38. Re7 1-0

[Event "2BLO 1819 Erfurter SK - FC Bayern Münc"]
[Site "?"]
[Date "2019.02.24"]
[Round "8.8"]
[White "Myshkin, Nikita"]
[Black "Lokander, Martin"]
[Result "0-1"]
[WhiteElo "2293"]
[BlackElo "2418"]
[PlyCount "80"]
[EventDate "2019.??.??"]

1. Nf3 d5 2. c4 d4 3. e3 Nc6 4. exd4 Nxd4 5. Nxd4 Qxd4 6. Nc3 c6 7. d3 Nh6 8.
Be2 Nf5 9. g4 Nh4 10. Rg1 e5 11. Be3 Qd8 12. d4 exd4 13. Bxd4 Be6 14. Qd2 Qc7
15. O-O-O O-O-O 16. Qc2 b6 17. Qe4 Ng6 18. Bf3 Bd7 19. Rge1 f6 20. c5 Bxc5 21.
Bxc5 bxc5 22. Qa4 Rhe8 23. Rxe8 Rxe8 24. Ne4 Qf4+ 25. Rd2 Qxf3 26. Qxa7 Qh1+
27. Rd1 Qxd1+ 28. Kxd1 Rxe4 29. a4 Bxg4+ 30. Kd2 Ne5 31. Qxc5 Rd4+ 32. Ke3 Rd3+
33. Ke4 Kd7 34. f4 Ke6 35. Qxe5+ fxe5 36. Kxd3 exf4 37. a5 c5 38. Ke4 g5 39. a6
Bf5+ 40. Kf3 Ke5 0-1

[Event "2BLO 1819 SK König Plauen - Münchner "]
[Site "?"]
[Date "2019.02.24"]
[Round "8.1"]
[White "Jones, Gawain C B"]
[Black "Kuraszkiewicz, Michael"]
[Result "1-0"]
[WhiteElo "2689"]
[BlackElo "2316"]
[PlyCount "87"]
[EventDate "2019.??.??"]

1. e4 c5 2. Nf3 Nc6 3. Bb5 d6 4. O-O Bd7 5. Re1 Nf6 6. c3 a6 7. Bc4 b5 8. Bf1
Bg4 9. a4 Rb8 10. axb5 axb5 11. d4 e5 12. d5 Ne7 13. Na3 Bd7 14. c4 b4 15. Nb5
Ng6 16. Ra7 Be7 17. Nc7+ Kf8 18. Bd2 Kg8 19. Qe2 h6 20. Rea1 Kh7 21. Nb5 Ne8
22. g3 Rf8 23. Be3 Bg4 24. Ng5+ Bxg5 25. Qxg4 Bxe3 26. fxe3 Nf6 27. Qf3 Kg8 28.
h4 Ne7 29. Bh3 Rb6 30. Kf1 Re8 31. Ke1 Qb8 32. b3 Kf8 33. Kd2 Rd8 34. Kc2 Rb7
35. R7a5 Kg8 36. g4 Ng6 37. g5 Nxh4 38. Qg3 Nxe4 39. Qxh4 Nxg5 40. Bf5 Re8 41.
Ra6 Rb6 42. Ra7 e4 43. Qg4 Qd8 44. Bd7 1-0

[Event "2BLO 1819 SK König Plauen - Münchner "]
[Site "?"]
[Date "2019.02.24"]
[Round "8.2"]
[White "Sandner, Gunter"]
[Black "Speelman, Jon S"]
[Result "0-1"]
[WhiteElo "2274"]
[BlackElo "2504"]
[PlyCount "66"]
[EventDate "2019.??.??"]

1. d4 Nf6 2. c4 e6 3. Nf3 Bb4+ 4. Nbd2 b6 5. a3 Bxd2+ 6. Qxd2 Bb7 7. e3 a5 8.
b3 d6 9. Bd3 Nbd7 10. Qc2 e5 11. d5 Nc5 12. e4 c6 13. dxc6 Bxc6 14. Nd2 O-O 15.
O-O Qb8 16. Rd1 a4 17. b4 Nxd3 18. Qxd3 b5 19. cxb5 Bxb5 20. Qg3 Rc8 21. Qh4
Rc2 22. Nf1 Bxf1 23. Rxf1 Re2 24. f3 Qb6+ 25. Kh1 Rc8 26. Bh6 Ne8 27. Rae1 Qa6
28. Rxe2 Qxe2 29. Re1 Qb2 30. Qg4 Rc7 31. Qg5 f6 32. Qh5 Kf8 33. Be3 Qxa3 0-1

[Event "2BLO 1819 SK König Plauen - Münchner "]
[Site "?"]
[Date "2019.02.24"]
[Round "8.3"]
[White "Watson, William N"]
[Black "Kunze, Carlo"]
[Result "1-0"]
[WhiteElo "2494"]
[BlackElo "2253"]
[PlyCount "73"]
[EventDate "2019.??.??"]

1. e4 d6 2. d4 Nf6 3. Nc3 e5 4. Nf3 Nbd7 5. Bc4 Be7 6. O-O O-O 7. Re1 c6 8. a4
b6 9. d5 Bb7 10. dxc6 Bxc6 11. Bg5 a6 12. Bxf6 Nxf6 13. Qd3 Qc8 14. Nd2 Qb7 15.
Nf1 Rfd8 16. Rad1 Nh5 17. Ne3 Nf4 18. Qf1 Bf8 19. Ned5 Nxd5 20. Bxd5 Rdc8 21.
Qd3 b5 22. Bxc6 Qxc6 23. axb5 axb5 24. Nd5 Ra7 25. c3 Rca8 26. h4 g6 27. h5 Rb8
28. Ra1 Ra4 29. b3 Raa8 30. Qh3 Qc8 31. Qh4 Rxa1 32. Rxa1 Qe6 33. Ra7 Rc8 34.
h6 Rb8 35. Qf6 Bxh6 36. Ne7+ Kf8 37. Qh8# 1-0

[Event "2BLO 1819 SK König Plauen - Münchner "]
[Site "?"]
[Date "2019.02.24"]
[Round "8.4"]
[White "Pfretzschner, Roland"]
[Black "Schnider, Gert"]
[Result "0-1"]
[WhiteElo "2240"]
[BlackElo "2423"]
[PlyCount "88"]
[EventDate "2019.??.??"]

1. e4 e6 2. b3 c5 3. Bb2 Nc6 4. Nf3 a6 5. c4 Qc7 6. Nc3 Nf6 7. Rc1 Bd6 8. Bd3
b6 9. Ne2 Bb7 10. Bb1 Ne5 11. Nxe5 Bxe5 12. Bxe5 Qxe5 13. f3 d5 14. d4 Qg5 15.
e5 Nd7 16. Kf2 cxd4 17. f4 Qh4+ 18. g3 Qh6 19. Qxd4 O-O 20. cxd5 Bxd5 21. Be4
Bxe4 22. Qxe4 Nc5 23. Qc2 a5 24. Kg2 f6 25. exf6 Qxf6 26. Qc3 Qf5 27. Qe5 Qxe5
28. fxe5 Rf5 29. Nd4 Rxe5 30. Rce1 Rxe1 31. Rxe1 Rd8 32. Nf3 Kf7 33. Ne5+ Kf6
34. Nc4 Ke7 35. Re2 a4 36. b4 Nd3 37. b5 Rb8 38. Re3 Nb4 39. Ra3 Nd5 40. Rxa4
Rc8 41. Kf3 Kf6 42. Nd6 Rc3+ 43. Kg4 Kg6 44. Re4 Nf6+ 0-1

[Event "2BLO 1819 SK König Plauen - Münchner "]
[Site "?"]
[Date "2019.02.24"]
[Round "8.5"]
[White "Froewis, Georg"]
[Black "Hoerr, Matthias"]
[Result "1/2-1/2"]
[WhiteElo "2435"]
[BlackElo "2169"]
[PlyCount "73"]
[EventDate "2019.??.??"]

1. Nf3 c5 2. b3 d6 3. d4 cxd4 4. Nxd4 Nf6 5. Bb2 g6 6. g3 Nc6 7. Bg2 Bd7 8. O-O
Bg7 9. c4 O-O 10. Nc3 Nxd4 11. Qxd4 Bc6 12. Rfd1 Ne4 13. Qe3 Nxc3 14. Bxc3 Bxc3
15. Qxc3 Bxg2 16. Kxg2 Qc7 17. Rd4 b5 18. Qe3 e5 19. Rd5 bxc4 20. bxc4 Rfd8 21.
Qd3 Rac8 22. Rc1 Qb6 23. Kg1 Rc5 24. Rb1 Rxd5 25. cxd5 Qc7 26. Kg2 Rc8 27. Rb5
Rb8 28. Rxb8+ Qxb8 29. Qc4 Kf8 30. a4 Qb6 31. Qc6 Ke7 32. Qc4 h5 33. Qh4+ Kd7
34. Qc4 Kd8 35. Qh4+ Ke8 36. Qc4 Kd8 37. h4 1/2-1/2

[Event "2BLO 1819 SK König Plauen - Münchner "]
[Site "?"]
[Date "2019.02.24"]
[Round "8.6"]
[White "Zaehringer, Daniel"]
[Black "Berchtenbreiter, Maximilian"]
[Result "0-1"]
[WhiteElo "2165"]
[BlackElo "2432"]
[PlyCount "120"]
[EventDate "2019.??.??"]

1. d4 Nf6 2. c4 e6 3. Nc3 Bb4 4. Qc2 O-O 5. Nf3 c5 6. dxc5 Na6 7. g3 Nxc5 8.
Bg2 b6 9. O-O Bb7 10. Nb5 Be4 11. Qd1 a6 12. Nd6 Bc6 13. Bf4 Nce4 14. a3 Bxd6
15. Bxd6 Nxd6 16. Qxd6 Qb8 17. Qxb8 Raxb8 18. Rfd1 Bxf3 19. Bxf3 Rfc8 20. Rac1
Kf8 21. Kf1 Ke7 22. h4 h6 23. Ke1 Rc5 24. Kd2 b5 25. cxb5 Rcxb5 26. b4 a5 27.
bxa5 Rxa5 28. Rc3 Rb2+ 29. Kc1 Ra2 30. Rdd3 Ra1+ 31. Kd2 g5 32. hxg5 hxg5 33.
Bb7 Ra2+ 34. Rc2 R2xa3 35. Rxa3 Rxa3 36. e3 Ra1 37. Ke2 d5 38. Bc6 Rb1 39. Ba4
g4 40. Rc7+ Kf8 41. Bc2 Rb2 42. Kd1 Ra2 43. Rb7 Ke8 44. Rb8+ Ke7 45. Rb4 Kd6
46. Rf4 Ke5 47. Rb4 Ra7 48. Kd2 Rd7 49. Rd4 Rd8 50. Kd1 Rg8 51. Ra4 Nh5 52. Kd2
f5 53. Bd3 Nf6 54. Bc2 Rh8 55. Bd3 Rh2 56. Ke1 Nh7 57. Rb4 Ng5 58. Kf1 Nh3 59.
Rb2 Rh1+ 60. Ke2 Nxf2 0-1

[Event "2BLO 1819 SK König Plauen - Münchner "]
[Site "?"]
[Date "2019.02.24"]
[Round "8.7"]
[White "Lapcevic, Milos"]
[Black "Burian, Simon"]
[Result "1/2-1/2"]
[WhiteElo "2397"]
[BlackElo "2026"]
[PlyCount "42"]
[EventDate "2019.??.??"]

1. d4 Nf6 2. c4 g6 3. g3 c5 4. d5 b5 5. Bg2 d6 6. Nd2 Nbd7 7. cxb5 a6 8. b6
Nxb6 9. e4 Bg7 10. Ne2 Nfd7 11. h4 h5 12. O-O a5 13. f4 Nf6 14. Qc2 Ba6 15. Nf3
Qd7 16. Nh2 Bh6 17. f5 Bxc1 18. Raxc1 gxf5 19. Rxf5 Nc4 20. Qc3 Qb5 21. Rc2 Ne5
{(=)} 1/2-1/2

[Event "2BLO 1819 SK König Plauen - Münchner "]
[Site "?"]
[Date "2019.02.24"]
[Round "8.8"]
[White "Linnert, Niklas"]
[Black "Ciolek, Andreas"]
[Result "0-1"]
[WhiteElo "2041"]
[BlackElo "2297"]
[PlyCount "60"]
[EventDate "2019.??.??"]

1. e4 c5 2. Nf3 d6 3. d4 cxd4 4. Nxd4 Nf6 5. Nc3 a6 6. Bg5 e6 7. f4 Be7 8. Qf3
Qc7 9. O-O-O Nbd7 10. g4 h6 11. Bxf6 Bxf6 12. h4 Qb6 13. Nde2 Be7 14. g5 Nc5
15. Nd4 Bd7 16. f5 hxg5 17. hxg5 Rxh1 18. Qxh1 Bxg5+ 19. Kb1 O-O-O 20. Qh5 Bf6
21. Bh3 Bxd4 22. Rxd4 Na4 23. Rc4+ Kb8 24. b3 Qg1+ 25. Nd1 b5 26. Rxa4 bxa4 27.
Kc1 exf5 28. Qxf7 Qg5+ 29. Kb1 Qd2 30. Qh5 g6 0-1

[Event "2BLO 1819 SK Passau - SK Weilheim"]
[Site "?"]
[Date "2019.02.24"]
[Round "8.1"]
[White "Luther, Thomas"]
[Black "Schwabeneder, Florian"]
[Result "1-0"]
[WhiteElo "2524"]
[BlackElo "2439"]
[PlyCount "71"]
[EventDate "2019.??.??"]

1. e4 e6 2. d4 d5 3. Nc3 Nc6 4. Nf3 Nf6 5. Bd3 Nb4 6. Bg5 Be7 7. e5 Nd7 8. Bxe7
Qxe7 9. O-O Nxd3 10. cxd3 c6 11. Rc1 b6 12. Ne1 O-O 13. f4 f6 14. Nf3 fxe5 15.
Nxe5 Nxe5 16. dxe5 Bd7 17. d4 Rac8 18. Qe2 c5 19. Rcd1 Bc6 20. Qe3 b5 21. f5
exf5 22. dxc5 d4 23. Qxd4 Rcd8 24. Qe3 b4 25. Ne2 Be4 26. Rxd8 Rxd8 27. Ng3 Rd3
28. Qf2 Qxe5 29. Nxe4 Qxe4 30. Qxf5 Qxf5 31. Rxf5 Rd4 32. b3 Rd2 33. Rf4 Rxa2
34. c6 Re2 35. c7 Re8 36. Rxb4 1-0

[Event "2BLO 1819 SK Passau - SK Weilheim"]
[Site "?"]
[Date "2019.02.24"]
[Round "8.2"]
[White "Suran, Jan"]
[Black "Lehner, Oliver"]
[Result "1-0"]
[WhiteElo "2408"]
[BlackElo "2400"]
[PlyCount "107"]
[EventDate "2019.??.??"]

1. e4 e5 2. Nf3 Nc6 3. Bb5 a6 4. Ba4 Nf6 5. O-O Be7 6. Re1 b5 7. Bb3 d6 8. a4
Bd7 9. c3 O-O 10. d4 h6 11. Nbd2 Re8 12. d5 Na5 13. Bc2 c6 14. b4 Nb7 15. dxc6
Bxc6 16. c4 Qb6 17. Bb2 bxa4 18. Bxa4 a5 19. Bxc6 Qxc6 20. b5 Qc8 21. Qe2 Bd8
22. Nb1 Qe6 23. Nc3 Rc8 24. Nd5 Nxd5 25. cxd5 Qd7 26. Rec1 Rc5 27. Rxc5 Nxc5
28. Ba3 Bb6 29. Bxc5 Bxc5 30. Rxa5 Rb8 31. h3 Bb4 32. Ra2 Qxb5 33. Qxb5 Rxb5
34. Rb2 Rb6 35. Nd2 Bc5 36. Rxb6 Bxb6 37. Kf1 g6 38. Ke2 Kg7 39. g4 Kf6 40. Kf3
Kg5 41. Kg3 f5 42. gxf5 gxf5 43. exf5 Kxf5 44. Kf3 Bd8 45. Ne4 Be7 46. Ng3+ Kg6
47. Kg4 Bd8 48. h4 Be7 49. h5+ Kf6 50. Ne4+ Kf7 51. Kf5 Bf8 52. Nc3 Be7 53. Nb5
Bf8 54. Na7 1-0

[Event "2BLO 1819 SK Passau - SK Weilheim"]
[Site "?"]
[Date "2019.02.24"]
[Round "8.3"]
[White "Bayer, Bernhard"]
[Black "Wisnet, Dominic"]
[Result "0-1"]
[WhiteElo "2410"]
[BlackElo "2290"]
[PlyCount "94"]
[EventDate "2019.??.??"]

1. d4 Nf6 2. Nf3 c5 3. e3 e6 4. b3 Be7 5. Bb2 b6 6. Nbd2 Bb7 7. Bd3 Nc6 8. a3
d5 9. O-O O-O 10. Qe2 Qc7 11. c4 cxd4 12. exd4 Rad8 13. Rfd1 Qf4 14. Qe3 Bd6
15. Rac1 dxc4 16. bxc4 Na5 17. h3 Rc8 18. Rc2 Rfd8 19. Re1 Rc7 20. Qe2 Rcd7 21.
Bc1 Be7 22. d5 Qd6 23. Nd4 Bf8 24. Nb5 Qb8 25. Bb2 Qf4 26. Be5 Qh6 27. Nd4 Qh5
28. Qe3 exd5 29. g4 Nxg4 30. hxg4 Qxg4+ 31. Qg3 Qxg3+ 32. fxg3 Bc5 33. Kf1 Bxd4
34. Bf5 Bxe5 35. Bxd7 Bxg3 36. Re8+ Rxe8 37. Bxe8 dxc4 38. Bb5 h5 39. Nxc4 Nxc4
40. Rxc4 Be5 41. Kg1 f6 42. Bc6 Bxc6 43. Rxc6 Kh7 44. Kg2 g5 45. Kh3 Kg6 46.
Re6 Bd4 47. a4 g4+ 0-1

[Event "2BLO 1819 SK Passau - SK Weilheim"]
[Site "?"]
[Date "2019.02.24"]
[Round "8.4"]
[White "Schmidt, Peter"]
[Black "Guttenthaler, Franz"]
[Result "1-0"]
[WhiteElo "2402"]
[BlackElo "2324"]
[PlyCount "127"]
[EventDate "2019.??.??"]

1. Nf3 Nf6 2. g3 d5 3. Bg2 Nbd7 4. d4 b5 5. O-O e6 6. Bg5 Be7 7. Nbd2 Bb7 8. c3
c5 9. a4 b4 10. cxb4 cxd4 11. Nxd4 Bxb4 12. Nc2 Be7 13. b4 O-O 14. Nb3 Rc8 15.
Ra2 Ba8 16. Be3 a6 17. Qd3 Rc4 18. Na5 Ne5 19. Qd2 Rc8 20. Bd4 Qc7 21. Ne3 Nc6
22. Nxc6 Bxc6 23. Rc1 Qd7 24. a5 Bb5 25. Rd1 Rc6 26. h3 Rfc8 27. Ng4 Nxg4 28.
hxg4 Rc4 29. Rb2 Qb7 30. Bf1 R4c6 31. Rdb1 Bc4 32. e3 Qb5 33. Bg2 Bd3 34. Rd1
Bc2 35. Bf1 Qb7 36. b5 axb5 37. Rxb5 Qa8 38. Rc1 Bf8 39. Rb6 Ba3 40. Ra1 Bc5
41. Rxc6 Rxc6 42. Bxc5 Rxc5 43. Rc1 Qc8 44. Qb4 Rc7 45. a6 h6 46. a7 Rxa7 47.
Rxc2 Qxc2 48. Qb8+ Kh7 49. Qxa7 Qg6 50. Qe7 Kg8 51. Be2 Qb1+ 52. Kg2 Qe4+ 53.
Bf3 Qg6 54. Qd8+ Kh7 55. Qc7 Qf6 56. Bd1 g6 57. Bf3 Qg7 58. Qe7 Kg8 59. Qe8+
Kh7 60. Bd1 Qf6 61. Qf8 e5 62. Bb3 e4 63. Qc5 Qf3+ 64. Kg1 1-0

[Event "2BLO 1819 SK Passau - SK Weilheim"]
[Site "?"]
[Date "2019.02.24"]
[Round "8.5"]
[White "Deglmann, Ludwig"]
[Black "Weiss, Christian"]
[Result "1/2-1/2"]
[WhiteElo "2277"]
[BlackElo "2377"]
[PlyCount "71"]
[EventDate "2019.??.??"]

1. f4 d5 2. Nf3 g6 3. g3 Bg7 4. Bg2 Nd7 5. O-O c6 6. Nc3 Ngf6 7. d4 O-O 8. Ne5
Nb6 9. a4 a5 10. b3 Bf5 11. Ba3 Nc8 12. e3 Nd6 13. g4 Bc8 14. h3 Nfe8 15. Qd3
f6 16. Nf3 f5 17. Ne5 Nf6 18. g5 Nfe4 19. Ne2 Be6 20. Rac1 Qb6 21. Rfd1 Qa6 22.
h4 b5 23. Bf3 bxa4 24. bxa4 Rfb8 25. Kg2 Bxe5 26. fxe5 Nc4 27. Nf4 Kf7 28. Rh1
Rg8 29. Be2 Qc8 30. Rb1 Rb8 31. Rb3 Rxb3 32. Qxb3 Ned2 33. Qd3 Ne4 34. Qb3 Ned2
35. Qd3 Ne4 36. Qb3 1/2-1/2

[Event "2BLO 1819 SK Passau - SK Weilheim"]
[Site "?"]
[Date "2019.02.24"]
[Round "8.6"]
[White "Testor, Sebastian"]
[Black "de Francesco, Klaus"]
[Result "1/2-1/2"]
[WhiteElo "2309"]
[BlackElo "2259"]
[PlyCount "51"]
[EventDate "2019.??.??"]

1. d4 e6 2. Nf3 Nf6 3. c4 d5 4. Nc3 c6 5. e3 Nbd7 6. Qc2 Bd6 7. Be2 Qe7 8. b3
a6 9. O-O b5 10. e4 dxe4 11. Nxe4 Nxe4 12. Qxe4 Bb7 13. Bg5 Nf6 14. Qh4 h6 15.
Bf4 bxc4 16. Bxc4 c5 17. Bxd6 Qxd6 18. dxc5 Qxc5 19. Qd4 Qxd4 20. Nxd4 O-O 21.
Rfd1 Rfd8 22. Be2 Rac8 23. Nf3 Ne4 24. Rxd8+ Rxd8 25. Rc1 Rc8 26. Rxc8+ {(=)}
1/2-1/2